Quizzes
Events
Quiz Creation
Community
Videos
Private Events
Remove Ads
Sign In
Join for FREE
Feedback
Dark Mode
Quiz Categories
Sports
Geography
Music
Movies
Television
Just For Fun
Miscellaneous
History
Literature
Language
Science
Gaming
Entertainment
Religion
Holiday
For Kids
Quiz Lab
Recent
Popular Today
Quiz Kudos Today
Editor Picks
Curator Picks
Quizzes by...
Day
Popularity
Type
Ratings
Length
Year
Community
Subscriptions
Recent Discussions
Orange Saloon
Badges
Playlists
Quests
Create
Leaderboards
Showdown
Live 5
Trivia Bingo
Activity
Puzzle Library
Sporcle Events
Private Events
Virtual Trivia
Globe League
Become a Host
Pub Owners
SporcleCon
Opinionation
Our Games
Videos
Blog
Mobile Apps
Partnerships
Remove Ads and Go Orange
Feedback
Television
TV Characters
TV Show
Sitcom
Network
Friends
Reality Shows
Cast
South Park
Star Trek
The Simpsons
Doctor Who
Television
TV Characters
TV Show
Sitcom
Network
Friends
Reality Shows
Cast
South Park
Star Trek
The Simpsons
Doctor Who
Random Quiz
Search Sporcle
×
Quiz Lab
Quiz Lab
Television
Quote
Select answers by clicking on text or image buttons
Select answers by clicking on text or image buttons
Clickable
Best Score? Go Orange.
RuPaul's Drag Race Quotes Stats
Can you pick which queen said which RuPaul's Drag Race quote?
By
hobbyhorse237
5m
18 Questions
3,569 Plays
3,569 Plays
3,569 Plays
Comments
Comments
Give Quiz Kudos
Give Quiz Kudos
-
- Ratings
hide this ad
Forced Order
Answers have to be entered in order
Answers have to be entered in order
Replay
Link that replays current quiz
Next Quiz
Link to next quiz in quiz playlist
You Got
0%
They Got
Avg Score
85%
Avg Friend Score
Upgrade to see
Score Distribution
Jump to the score distribution portion of the page
Score
0/18
Timer
05:00
0
Plays Today
% Correct
Alaska
96.6%
Adore Delano
96.1%
Phi Phi O'Hara
95.6%
Jinkx Monsoon
95.2%
Laganja Estranja
95%
Latrice Royale
92.8%
Bianca del Rio
91.4%
Alyssa Edwards
87.2%
Detox
86.2%
% Correct
Gia Gunn
85.5%
Mrs Kasha Davis
85.4%
Alexis Mateo
85.1%
Joslyn Fox
83.2%
Kelly Mantle
78.8%
Courtney Act
73.2%
Jujubee
72.1%
Michelle Visage
68.9%
Willam Belli
64.8%
Quiz Playlist
Details
Report
Send in Message
Add To Playlist
Clickable:
Select answers by clicking on text or image buttons
Forced Order:
Answers have to be entered in order
Last Updated: Feb 16, 2017
Quiz Scoreboard
CHALLENGE
Sign Up to Join the Scoreboard
Show All
Scores
Hide
Comments
May contain spoilers
Recently Published
Alphabetical 'K' Countries by Flag Minefield
by ylime102
Geography
3m
Pick 6: Fruits
by JohnFran
Miscellaneous
15s
Click the 1999 NBA Draft
by nibperrychub
Sports
2m
More to Explore
Quiz From the Vault
Featured Blog Post
15 Basketball Trivia Facts You Can Be March Mad About
hide this ad
You Might Also Like...
Tags
Clickable Quiz
Quote Quiz
Drag
Memorable Quotes
Queen
Rupaul's Drag Race
TV Quotes
Today's Top Quizzes in Television
Browse Television
hide this ad
Today's Top Quizzes in Quote
Browse Quote
Top Contributed Quizzes in Television
1
Hidden Simpsons Character
2
First Name TV: Leading Men
3
Hidden Simpsons Character XXIV
4
One Piece Logic Puzzle
5
First Name TV: Leading Women Drama
6
Pick A Pair: Religious TV
7
Hidden Simpsons Character XXV
8
Hidden Simpsons Character XXVI
9
Best of Ross
10
Hidden Simpsons Character II
Explore More
Trending Topics
Crossword
Disney
Anime
Marvel
NBA
Kpop
Harry Potter
Pokémon
NFL
The Office
WWE
Soccer
Puzzle
Song
Country
hide this ad
More By:
hobbyhorse237
Quiz
Plays
Rating
Category
Featured
Created
RuPaul's Drag Race Season 6
4,590
5.00
Television
Feb 15, 2016
LOTR Locations Picture Click
4,441
4.68
Movies
Jun 2, 2016
Capital Cities Pictograms
3,721
3.77
Geography
Jan 13, 2017
RuPaul's Drag Race Quotes
3,569
4.50
Television
Feb 14, 2016
30 Second Literature IX
3,552
4.83
Literature
Jun 1, 2016
Go to Creator's Profile
Score Distribution
Quiz Creator Spotlight
hobbyhorse237
Follow
Send a Message
Quizzes Created
-
Created Quiz Play Count
-
More By This Creator
Popular Quizzes Today
1
Find the US States - No Outlines Minefield
2
Countries of Asia Without Outlines Minefield
3
Pick 6: Fruits
4
The Countries of the World
5
Alphabetical 'K' Countries by Flag Minefield
6
Find the US States
7
Click the 1999 NBA Draft
8
Match the Book to the Film X
More Television Quizzes
Game of Thrones Screenshots: S01E10
Quiz Lab
Trending Quizzes
Pick 6: Harry Potter
Pick 6: Mountains
Pick 6: NFL Teams
Pick 6: Movie Franchises
Pick 6: Golfers
Recently Updated
Women's Final Four Teams by Year
bhenderson79
Presidents Quartet II
eogle
Anything But Clue(do)
eogle
Anything But Oceanian Capitals
eogle
Anything But 7
eogle
Anything But Thing
eogle
Word Ladder: February 29
pecheneg
Song Title Questions
pecheneg
Women's NCAA Tournament #1 Seeds
pecheneg
Celebrity Mug Shots
pecheneg
Trending Topics
Harry Potter
Disney
Anime
NBA
Crossword
Marvel
Kpop
Soccer
The Office
Country
WWE
Pokémon
Puzzle
NFL
Song
Your Account Isn't Verified!
In order to create a playlist on Sporcle, you need to verify the email address you used during registration. Go to your
Sporcle Settings
to finish the process.
Report this User
Report this user for behavior that violates our
Community Guidelines
.
Details:
Send Report
Go to the Sporcle.com Mobile Site →
Comments